Public Policy and System/ (Record no. 206571)
[ view plain ]
| 000 -LEADER | |
|---|---|
| fixed length control field | 00727nam a22002177a 4500 |
| 005 - DATE AND TIME OF LATEST TRANSACTION | |
| control field | 20241022142327.0 |
| 010 ## - LCCN (DPL NO) | |
| LC control number | ENG-142245 |
| 020 ## - INTERNATIONAL STANDARD BOOK NUMBER | |
| International Standard Book Number | 9788181523204 |
| Terms of availability | 995.00 |
| 035 ## - SYSTEM CONTROL NUMBER | |
| System control number | EN-125777 |
| 037 ## - SOURCE OF ACQUISITION | |
| Source of stock number/acquisition | DBAD |
| 082 ## - DEWEY DECIMAL CLASSIFICATION NUMBER | |
| Classification number | 320.6 |
| 100 ## - MAIN ENTRY--PERSONAL NAME | |
| Personal name | Prakash, Anand |
| 245 ## - TITLE STATEMENT | |
| Title | Public Policy and System/ |
| Statement of responsibility, etc | by Anand Prakash |
| 250 ## - EDITION STATEMENT | |
| Edition statement | First |
| 260 ## - PUBLICATION, DISTRIBUTION, ETC. (IMPRINT) | |
| Name of publisher, distributor, etc | Book Enclave |
| Date of publication, distribution, etc | 2013 |
| Place of publication, distribution, etc | Jaipur |
| 270 ## - ADDRESS | |
| Electronic mail address | bookenclave@gmail.com |
| -- | bookenclave@yahoo.com |
| Address | F-11, S.S. Tower, Dhamani Streets, Chaura Rasta, |
| City | Jaipur |
| Postal code | 302003 |
| Telephone number | 91-141-2311900 |
| Fax number | 91-9414443132 |
| 300 ## - PHYSICAL DESCRIPTION | |
| Extent | 288p. |
| Dimensions | 22cm(hb) |
| 700 ## - ADDED ENTRY--PERSONAL NAME | |
| Personal name | Ramasamy, Praveenkumar |
| 9 (RLIN) | 73141 |
| 700 ## - ADDED ENTRY--PERSONAL NAME | |
| Personal name | Shanmugasundaram, Sowmika |
| 9 (RLIN) | 73142 |
| 942 ## - ADDED ENTRY ELEMENTS (KOHA) | |
| Source of classification or shelving scheme | Dewey Decimal Classification |
| Item type | English Books |
| Classification part | 320.6 |
| Call number suffix | PRA |
| Withdrawn status | Lost status | Not for loan | Collection code | Home library | Current library | Date acquired | Source of acquisition | Cost, normal purchase price | Full call number | Barcode | Copy number | Cost, replacement price | Koha item type |
|---|---|---|---|---|---|---|---|---|---|---|---|---|---|
| Non-fiction | Bawana | Bawana | 22/10/2024 | DBAD | 995.00 | 320.6 PRA | EN-125777 | 1 | 995.00 | English Books |
